Villes ayant accueilli un match de la CAN - Statistiques

Statistiques générales
  • Ce quiz a été pris 20 fois
  • Le résultat moyen est 23 sur 68
Statistiques - réponses
Pays Ville % Correct
Algérie Alger
100%
Egypte Le Caire
95%
Cameroun Yaoundé
95%
Afrique du Sud Johannesbourg
89%
Tunisie Tunis
89%
Egypte Alexandrie
84%
Sénégal Dakar
84%
Maroc Rabat
84%
Cote d'Ivoire Abidjan
79%
Maroc Casablanca
79%
Cameroun Douala
79%
Gabon Libreville
79%
Nigeria Lagos
74%
Angola Luanda
74%
Burkina Faso Ouagadougou
74%
Cote d'Ivoire Yamoussoukro
74%
Ethiopie Addis Abeba
68%
Mali Bamako
68%
Soudan Khartoum
68%
Libye Tripoli
68%
Ghana Accra
58%
Afrique du Sud Durban
47%
Afrique du Sud Bloemfontein
42%
Tunisie Sfax
42%
Guinée Equatoriale Malabo
32%
Algérie Annaba
26%
Libye Benghazi
26%
Angola Cabinda
26%
Ghana Kumasi
26%
Cote d'Ivoire San Pedro
26%
Tunisie Sousse
26%
Erythrée Asmara
21%
Cote d'Ivoire Bouaké
21%
Nigeria Kano
21%
Egypte Port Saïd
21%
Egypte Suez
21%
Angola Benguela
16%
Gabon Franceville
16%
Afrique du Sud Port Elizabeth
16%
Gabon Port Gentil
16%
Tunisie Rades
16%
Guinée Equatoriale Bata
11%
Burkina Faso Bobo Dioulasso
11%
Ethiopie Dire Dawa
11%
Cameroun Garoua
11%
Nigeria Ibadan
11%
Egypte Ismailia
11%
Cote d'Ivoire Korhogo
11%
Tunisie Monastir
11%
Mali Sikasso
11%
Ghana Tamale
11%
Sénégal Ziguinchor
11%
Cameroun Bafoussam
5%
Tunis Bizerte
5%
Mali Kayes
5%
Angola Lubango
5%
Guinée Equatoriale Mongomo
5%
Afrique du Sud Nelspruit
5%
Afrique du Sud Rustenburg
5%
Egypte Damanhur
0%
Guinée Equatoriale Ebebiyin
0%
Tunisie Hammam Sousse
0%
Cameroun Limbé
0%
Egypte Malhalla
0%
Mali Mopti
0%
Gabon Oyem
0%
Ghana Sekondi-Takoradi
0%
Soudan Wad Madani
0%
Aucun quiz correspondant
Distribution des résultats
% des personnes avec chaque résultat
Percentile par nombre de réponses
Votre historique - résultats
Vous n’avez pas pris ce quiz